000 00686nam a2200277Ia 4500
005 20260324130307.0
008 008 260324s9999 xx 000 0 eng d
020 _a9780203940020
037 _aEBOOK
040 _aCRL
040 _beng
040 _cCRL
041 _2eng
041 _aeng
084 _qCRL
100 _aClaudia Haake
_91181225
245 4 _aThe State, Removal and Indigenous Peoples in the United States and Mexico, 1620-2000
260 _bTaylor and Francis
260 _c2007
365 _a
365 _b145
856 _uhttp://www.taylorfrancis.com/books/9780203940020
942 _cEBOOK
999 _c1777275
_d1777275